000 00779nam a2200289 a 4500
003 AR-BaBNM
005 20251128204736.0
008 082120s2002 ||||||||||||||000 | spa||
020 _a84-477-0356-8
040 _cAR-BaBNM
100 1 _aRadhakrishna Rao, C.
245 0 0 _aEstadística y verdad
_baprovechando el azar
250 _a1ª ed.
260 _aBarcelona
_bPPU
_c1994
300 _axxix, 219 p.
_bgráfs., tablas
600 1 4 _aRamanujan, Srinivasa
650 4 _aESTADISTICA
650 4 _aANALISIS DE DATOS
650 4 _aCREATIVIDAD
650 4 _aINCERTIDUMBRE
650 4 _aPROCESAMIENTO DE DATOS
650 4 _aDATOS ESTADISTICOS
650 4 _aVERDAD
711 2 _aConferencias selectas del CSIR
_cDelhi, India
_d1987
942 _cBK
998 _cenrique
999 _c8641
_d8641